Políticas, espacios y prácticas de memoria: Disputas y tránsitos actuales en Colombia y América Latina (Record no. 72424)

MARC details
000 -LEADER
campo de control de longitud fija 01001nmm a2200277Ia 4500
008 - DATOS DE LONGITUD FIJA--INFORMACIÓN GENERAL
campo de control de longitud fija 251105s9999||||xx |||||||||||||||||und||
020 ## - NÚMERO INTERNACIONAL ESTÁNDAR DEL LIBRO
Número Internacional Estándar del Libro 9789587813500
041 ## - CÓDIGO DE IDIOMA
Código de lengua del texto/banda sonora o título independiente spa
100 ## - ENTRADA PRINCIPAL--NOMBRE DE PERSONA
Nombre de persona Villamizar Salamanca, Carlos
245 #0 - MENCIÓN DEL TÍTULO
Título Políticas, espacios y prácticas de memoria: Disputas y tránsitos actuales en Colombia y América Latina
264 ## - PRODUCCIÓN, PUBLICACIÓN, DISTRIBUCIÓN, FABRICACIÓN Y COPYRIGHT
Producción, publicación, distribución, fabricación y copyright [Bogotá, Colombia] :
Nombre del de productor, editor, distribuidor, fabricante Editorial Pontificia Universidad Javeriana,
Fecha de producción, publicación, distribución, fabricación o copyright 2019
300 ## - DESCRIPCIÓN FÍSICA
Extensión 326 páginas
650 ## - PUNTO DE ACCESO ADICIONAL DE MATERIA--TÉRMINO DE MATERIA
Término de materia o nombre geográfico como elemento de entrada History of the Americas: Latin America
700 ## - ENTRADA AGREGADA--NOMBRE PERSONAL
Nombre de persona Villamizar Salamanca, Carlos
700 1# - ENTRADA AGREGADA--NOMBRE PERSONAL
Nombre de persona Jaramillo Marín, Jefferson
700 1# - ENTRADA AGREGADA--NOMBRE PERSONAL
Nombre de persona Pérez Benavides, Amada Carolina
700 1# - ENTRADA AGREGADA--NOMBRE PERSONAL
Nombre de persona Rufer, Mario
700 1# - ENTRADA AGREGADA--NOMBRE PERSONAL
Nombre de persona Torres, Johanna Paola
700 1# - ENTRADA AGREGADA--NOMBRE PERSONAL
Nombre de persona Vargas Álvarez, Sebastián
700 1# - ENTRADA AGREGADA--NOMBRE PERSONAL
Nombre de persona Escobar Neira, Fernando
700 1# - ENTRADA AGREGADA--NOMBRE PERSONAL
Nombre de persona González, Gabriela
700 1# - ENTRADA AGREGADA--NOMBRE PERSONAL
Nombre de persona Acevedo Arango, Óscar Fernando
700 1# - ENTRADA AGREGADA--NOMBRE PERSONAL
Nombre de persona Guarín Martínez, O
856 ## - LOCALIZACIÓN Y ACCESO ELECTRÓNICOS
Identificador Uniforme de Recursos <a href="https://public.digitaliapublishing.com/a/60656">https://public.digitaliapublishing.com/a/60656</a>
942 ## - ELEMENTOS DE ENTRADA SECUNDARIOS (KOHA)
Tipo de ítem Koha Libro Digital

No items available.

Powered by Koha